[Event "BCF-chT2 2425 (4NCL)"]
[Site "England"]
[Date "2025.01.25"]
[Round "3.56"]
[White "Dicen, Elis Denele"]
[Black "Moore, Gerald C"]
[Result "1-0"]
[WhiteElo "2125"]
[BlackElo "1986"]
[PlyCount "128"]
[EventDate "2024.11.23"]
[EventType "team-tourn"]
[EventRounds "11"]
[EventCountry "ENG"]
[SourceTitle "CB14_2025"]
[SourceDate "2024.11.01"]
[SourceVersion "1"]
[SourceVersionDate "2024.11.01"]
[SourceQuality "1"]
[WhiteTeam "Warwicks Select"]
[BlackTeam "Iceni"]
[WhiteTeamCountry "ENG"]
[BlackTeamCountry "ENG"]

1. d4 f5 2. Bg5 g6 3. e3 Bg7 4. Nc3 c6 5. Nge2 d6 6. Qd2 h6 7. Bh4 g5 8. Bg3 e5 9. f3 Qe7 10. h4 Nd7 11. d5 c5 12. e4 f4 13. Bf2 a6 14. a4 Ngf6 15. g4 b6 16. Nc1 0-0 17. Nd3 Rb8 18. b4 Ne8 19. Rb1 c4 20. Nb2 b5 21. axb5 axb5 22. Ra1 Rb7 23. Nbd1 Ndf6 24. Ra5 Bd7 25. Be2 Nc7 26. Qc1 Rfb8 27. Kf1 Nfe8 28. hxg5 hxg5 29. Kg2 Nf6 30. Qd2 Kf7 31. Nb2 Qd8 32. Rha1 Qc8 33. Qd1 Kg6 34. R1a2 Nfe8 35. Qg1 Nf6 36. Nbd1 Nfe8 37. Be1 Nf6 38. Nf2 Qh8 39. Nh3 Qc8 40. Kh2 Qh8 41. Bf1 Bh6 42. Ra7 Qc8 43. R7a3 Qh8 44. Qg2 Qc8 45. Nd1 Qh8 46. Qe2 Qc8 47. Ndf2 Ra8 48. Ra5 Qb8 49. Qd1 Rba7 50. Qa1 Rxa5 51. Rxa5 Qb7 52. Kg2 Ra6 53. Bc3 Qa8 54. Ng1 Bg7 55. Ne2 Rxa5 56. bxa5 Na6 57. Qa3 Bf8 58. Qb2 Qa7 59. Nc1 Nc5 60. Na2 Be7 61. Bb4 Bd8 62. Qa3 Na4 63. Bxd6 Qxa5 64. Bxe5 Nc3 1-0

[Event "BCF-chT2 2425 (4NCL)"]
[Site "England"]
[Date "2024.11.23"]
[Round "1.13"]
[White "Zakarian, Dimitrios Levon"]
[Black "Moore, Gerald C"]
[Result "1-0"]
[WhiteElo "1968"]
[BlackElo "2033"]
[PlyCount "63"]
[EventDate "2024.11.23"]
[EventType "team-tourn"]
[EventRounds "11"]
[EventCountry "ENG"]
[SourceTitle "CB48_2024"]
[SourceDate "2024.11.28"]
[SourceVersion "1"]
[SourceVersionDate "2024.11.28"]
[SourceQuality "1"]
[WhiteTeam "Oxford"]
[BlackTeam "Iceni"]
[WhiteTeamCountry "ENG"]
[BlackTeamCountry "ENG"]

1. d4 f5 2. Bg5 g6 3. Nc3 Bg7 4. e4 fxe4 5. Nxe4 d5 6. Ng3 c5 7. Nf3 Nc6 8. c3 cxd4 9. Nxd4 Nxd4 10. cxd4 Qa5+ 11. Bd2 Qb6 12. Bc3 Nh6 13. Be2 0-0 14. Bf3 e6 15. 0-0 Bd7 16. Re1 Rf7 17. Qd2 Raf8 18. Rad1 Qd8 19. Re3 Nf5 20. Nxf5 Rxf5 21. Qe2 Qh4 22. a4 Bxa4 23. Ra1 Bd7 24. Rxa7 Bxd4 25. Bxd4 Qxd4 26. Rxb7 Bc8 27. Rc7 Qb6 28. Rec3 Ba6 29. Qe1 Bc4 30. Re7 R5f6 31. b3 Bxb3 32. Qb1 1-0

[Event "BCF-ch Seniors 65"]
[Site "Hull"]
[Date "2024.08.02"]
[Round "5"]
[White "Hodge, Steve R"]
[Black "Moore, Gerald C"]
[Result "1/2-1/2"]
[WhiteElo "1962"]
[BlackElo "2057"]
[PlyCount "45"]
[EventDate "2024.07.29"]
[EventType "swiss"]
[EventRounds "7"]
[EventCountry "ENG"]
[SourceTitle "CBM 221 Extra"]
[Source "ChessBase"]
[SourceDate "2024.09.30"]
[SourceVersion "1"]
[SourceVersionDate "2024.09.30"]
[SourceQuality "1"]

1. e4 c5 2. Nf3 Nc6 3. Bb5 Nf6 4. Nc3 g6 5. Bxc6 dxc6 6. h3 Bg7 7. d3 0-0 8. Be3 b6 9. Qd2 e5 10. 0-0 Nh5 11. Rae1 Qd6 12. g4 Nf6 13. Bh6 Be6 14. Bxg7 Kxg7 15. Ng5 c4 16. Rd1 Rad8 17. Qe3 cxd3 18. Rxd3 Qe7 19. Nxe6+ Qxe6 20. Rfd1 Rxd3 21. Qxd3 Re8 22. Qd6 h6 23. Kg2 1/2-1/2

[Event "South Normanton 4NCL op 23rd"]
[Site "South Normanton"]
[Date "2019.10.04"]
[Round "1"]
[White "Moore, Gerald C"]
[Black "Simpson, Derek"]
[Result "1-0"]
[WhiteElo "2089"]
[BlackElo "1638"]
[PlyCount "67"]
[EventDate "2019.10.04"]
[EventType "swiss"]
[EventRounds "5"]
[EventCountry "ENG"]
[SourceTitle "CBM 192 Extra"]
[Source "Chessbase"]
[SourceDate "2019.11.06"]
[SourceVersion "1"]
[SourceVersionDate "2019.11.06"]
[SourceQuality "1"]

1. Nf3 Nf6 2. c4 d5 3. cxd5 Nxd5 4. d4 e6 5. e4 Nb6 6. Be2 Bb4+ 7. Bd2 Bxd2+ 8. Qxd2 N8d7 9. Nc3 Nf6 10. 0-0 0-0 11. Rfd1 c6 12. Rac1 Qe7 13. Bd3 h6 14. a3 Rd8 15. e5 Nfd5 16. Ne4 Bd7 17. Bb1 Be8 18. Re1 Nd7 19. g3 Nf8 20. h4 Nd7 21. Nh2 N5b6 22. Ng4 Qf8 23. Qc2 Nd5 24. h5 Rab8 25. Nef6+ N7xf6 26. Nxf6+ Nxf6 27. exf6 g6 28. hxg6 fxg6 29. Ba2 Kh7 30. Rxe6 Rd7 31. Rce1 Kh8 32. Qe4 Bf7 33. Re7 Rxe7 34. fxe7 1-0

[Event "Telford 4NCL op 22nd"]
[Site "Telford"]
[Date "2019.07.21"]
[Round "5"]
[White "Moore, Gerald C"]
[Black "Abdulla, Murad"]
[Result "0-1"]
[WhiteElo "2084"]
[BlackElo "2244"]
[PlyCount "80"]
[EventDate "2019.07.19"]
[EventType "swiss"]
[EventRounds "5"]
[EventCountry "ENG"]
[SourceTitle "EXT 2020"]
[Source "ChessBase"]
[SourceDate "2019.10.17"]
[SourceVersion "1"]
[SourceVersionDate "2019.10.17"]
[SourceQuality "1"]

1. Nf3 c5 2. c4 Nc6 3. d4 cxd4 4. Nxd4 Qb6 5. Nb3 e6 6. Nc3 a6 7. e3 Nf6 8. Be2 Be7 9. 0-0 0-0 10. e4 d6 11. Be3 Qc7 12. Rc1 Bd7 13. f3 Ne5 14. Qe1 Rac8 15. Qf2 Qb8 16. c5 Bc6 17. cxd6 Bxd6 18. Ba7 Qa8 19. Rfd1 Bc7 20. Bb6 Ng6 21. Na5 Qb8 22. Bxc7 Rxc7 23. Bf1 Rfc8 24. Nxc6 Rxc6 25. Ne2 h6 26. Rxc6 Rxc6 27. Qd4 Kh7 28. g3 Ne5 29. Kg2 Rc4 30. Qd2 b5 31. Nf4 Rc6 32. Rc1 Rd6 33. Qe3 Qd8 34. Rc2 g5 35. Ne2 Rd3 36. Qa7 Rxf3 37. Nd4 g4 38. Rc7 Ne8 39. Nxe6 Qd2+ 40. Kg1 Nxc7 0-1

[Event "Telford 4NCL op 22nd"]
[Site "Telford"]
[Date "2019.07.20"]
[Round "3"]
[White "Moore, Gerald C"]
[Black "Van Kemenade, Rudy"]
[Result "1-0"]
[WhiteElo "2084"]
[BlackElo "1941"]
[PlyCount "138"]
[EventDate "2019.07.19"]
[EventType "swiss"]
[EventRounds "5"]
[EventCountry "ENG"]
[SourceTitle "EXT 2020"]
[Source "ChessBase"]
[SourceDate "2019.10.17"]
[SourceVersion "1"]
[SourceVersionDate "2019.10.17"]
[SourceQuality "1"]

1. Nf3 f5 2. g3 Nf6 3. Bg2 g6 4. 0-0 Bg7 5. d4 0-0 6. b3 d6 7. Bb2 c6 8. c4 Qe8 9. Nbd2 e5 10. dxe5 Ng4 11. Ba3 dxe5 12. Bxf8 Qxf8 13. e4 f4 14. h3 Nh6 15. Qe2 Na6 16. Rac1 Nc5 17. b4 Ne6 18. c5 g5 19. g4 Qf6 20. Nc4 Nf7 21. Rcd1 Nd4 22. Nxd4 exd4 23. e5 Nxe5 24. Nxe5 Qxe5 25. Qxe5 Bxe5 26. Rfe1 Bf6 27. b5 Bd7 28. bxc6 bxc6 29. Rb1 Re8 30. Rxe8+ Bxe8 31. Rb8 Kf7 32. Be4 Be7 33. Rb7 Kf6 34. Rxa7 Bxc5 35. Ra6 Ke5 36. Bxh7 Kd5 37. Kf1 f3 38. Bd3 Bb4 39. Ra8 Bf7 40. a3 Bd2 41. Rf8 Be6 42. Rxf3 c5 43. Rf6 Ke5 44. Rh6 Bd5 45. Ke2 Bc1 46. a4 c4 47. Bf5 d3+ 48. Bxd3 cxd3+ 49. Kxd3 Ba3 50. a5 Bc5 51. h4 gxh4 52. Rh5+ Kd6 53. Rxh4 Bxf2 54. Rh6+ Ke5 55. Rh5+ Ke6 56. a6 Bg1 57. Rh7 Ke5 58. a7 Be4+ 59. Ke2 Bxa7 60. Rxa7 Kf4 61. Ra4 Ke5 62. Ke3 Bc2 63. Ra5+ Kf6 64. Kf4 Bd3 65. Rc5 Bb1 66. Rc6+ Kg7 67. Kg5 Be4 68. Rc7+ Kg8 69. Kf6 Kf8 1-0

[Event "Basingstoke 4NCL Spring Bank 2nd"]
[Site "Basingstoke"]
[Date "2019.05.27"]
[Round "6"]
[White "Moore, Gerald C"]
[Black "Zhu, Yaoyao"]
[Result "1-0"]
[WhiteElo "2057"]
[BlackElo "1839"]
[PlyCount "95"]
[EventDate "2019.05.24"]
[EventType "swiss"]
[EventRounds "7"]
[EventCountry "ENG"]
[SourceTitle "CBM 190 Extra"]
[Source "ChessBase"]
[SourceDate "2019.07.15"]
[SourceVersion "1"]
[SourceVersionDate "2019.07.15"]
[SourceQuality "1"]

1. Nf3 Nf6 2. c4 g6 3. Nc3 Bg7 4. e4 d6 5. d4 0-0 6. Be2 e5 7. d5 a5 8. Bg5 Na6 9. Nd2 Qe8 10. 0-0 Bd7 11. Rb1 Kh8 12. b3 Ng8 13. a3 f5 14. f3 f4 15. b4 axb4 16. axb4 h6 17. Bh4 g5 18. Bf2 Nf6 19. c5 Rg8 20. c6 bxc6 21. dxc6 Bxc6 22. b5 Bb7 23. bxa6 Bxa6 24. Bxa6 Rxa6 25. Nd5 Nxd5 26. exd5 g4 27. Ne4 Qg6 28. Qe2 Ra3 29. fxg4 Re3 30. Bxe3 Qxe4 31. Qf3 Qxe3+ 32. Qxe3 fxe3 33. Rfe1 e4 34. Rbd1 Be5 35. Rxe3 Rxg4 36. g3 Kg7 37. Kg2 Kf6 38. h3 Rg5 39. g4 h5 40. Rxe4 hxg4 41. hxg4 Bc3 42. Kh3 Ba5 43. Kh4 Re5 44. Rf1+ Kg6 45. Rxe5 dxe5 46. g5 e4 47. Rf6+ Kg7 48. Re6 1-0

[Event "Basingstoke 4NCL Spring Bank 2nd"]
[Site "Basingstoke"]
[Date "2019.05.24"]
[Round "1"]
[White "Moore, Gerald C"]
[Black "Harvey, Marcus Ross"]
[Result "0-1"]
[WhiteElo "2057"]
[BlackElo "2412"]
[PlyCount "50"]
[EventDate "2019.05.24"]
[EventType "swiss"]
[EventRounds "7"]
[EventCountry "ENG"]
[SourceTitle "CBM 190 Extra"]
[Source "ChessBase"]
[SourceDate "2019.07.15"]
[SourceVersion "1"]
[SourceVersionDate "2019.07.15"]
[SourceQuality "1"]

1. Nf3 Nf6 2. c4 e6 3. g3 b6 4. Bg2 Bb7 5. 0-0 Be7 6. Nc3 0-0 7. Re1 d5 8. cxd5 Nxd5 9. e4 Nxc3 10. bxc3 c5 11. d4 cxd4 12. cxd4 Nd7 13. Bf4 Nf6 14. Ne5 Bb4 15. Re3 Rc8 16. Bg5 Be7 17. Qa4 b5 18. Qxb5 Qxd4 19. Rae1 Ba8 20. Bxf6 gxf6 21. Nf3 Qc5 22. Qxc5 Bxc5 23. Rd3 Bb6 24. e5 Rc2 25. Rd2 Rfc8 0-1

[Event "Stevenage 4NCL Easter op"]
[Site "Stevenage"]
[Date "2019.04.20"]
[Round "3"]
[White "Derakhshani, Borna"]
[Black "Moore, Gerald C"]
[Result "1-0"]
[WhiteElo "2316"]
[BlackElo "2045"]
[PlyCount "79"]
[EventDate "2019.04.19"]
[EventType "swiss"]
[EventRounds "7"]
[EventCountry "ENG"]
[SourceTitle "CBM 189 Extra"]
[Source "ChessBase"]
[SourceDate "2019.05.31"]
[SourceVersion "1"]
[SourceVersionDate "2019.05.31"]
[SourceQuality "1"]

1. d4 Nf6 2. Bf4 g6 3. Nc3 d6 4. Qd2 c6 5. e4 Nbd7 6. 0-0-0 Qa5 7. Nf3 b5 8. Bd3 b4 9. Nb1 Bg7 10. a3 Rb8 11. e5 Nd5 12. exd6 Nxf4 13. Qxf4 e5 14. Nxe5 Nxe5 15. dxe5 0-0 16. Rhe1 Be6 17. a4 Qxa4 18. Re4 Bd5 19. Re3 Qa2 20. Be4 a5 21. Bxd5 cxd5 22. Qd4 Rbc8 23. d7 Rcd8 24. Qxd5 Qxd5 25. Rxd5 Bh6 26. Nd2 Bxe3 27. fxe3 Ra8 28. Ne4 Rfd8 29. Nc5 Ra7 30. b3 Rc7 31. e4 Rxc5 32. Rxc5 Rxd7 33. Rxa5 Rd4 34. Rc5 Rxe4 35. Kd2 Kf8 36. Rc4 Rxe5 37. Rxb4 Ke7 38. Rd4 f5 39. c4 g5 40. b4 1-0

[Event "Basingstoke 4NCL Spring Bank op-A 1st"]
[Site "Basingstoke"]
[Date "2018.05.28"]
[Round "6"]
[White "Moore, Gerald C"]
[Black "Akeya Price, Robert A"]
[Result "1-0"]
[WhiteElo "2064"]
[BlackElo "1760"]
[PlyCount "115"]
[EventDate "2018.05.25"]
[EventType "swiss"]
[EventRounds "7"]
[EventCountry "ENG"]
[SourceTitle "CBM 184 Extra"]
[Source "ChessBase"]
[SourceDate "2018.06.28"]
[SourceVersion "1"]
[SourceVersionDate "2018.06.28"]
[SourceQuality "1"]

1. Nf3 d5 2. g3 Nc6 3. d4 Bg4 4. Nbd2 e6 5. Bg2 Nf6 6. c3 Bd6 7. 0-0 b5 8. Qe1 0-0 9. e4 Be7 10. Qe3 Rc8 11. Re1 Na5 12. Ne5 c5 13. exd5 Bf5 14. dxe6 Bxe6 15. Nb3 Nxb3 16. axb3 Qb6 17. dxc5 Bxc5 18. Qe2 Bxb3 19. Be3 Bxe3 20. Qxe3 Qxe3 21. Rxe3 Rc7 22. Nc6 Ba4 23. Nd4 Ng4 24. Ree1 g6 25. h3 Nf6 26. b3 Bxb3 27. Nxb3 Rxc3 28. Nd4 b4 29. Rxa7 Rb8 30. Ra8 Rxa8 31. Bxa8 b3 32. Rb1 Rc8 33. Bf3 Rc3 34. Rxb3 Rxb3 35. Nxb3 h5 36. Nc5 Kg7 37. h4 Kh6 38. Ne4 Nd7 39. Be2 Ne5 40. Kg2 Kg7 41. f4 Nc6 42. Bc4 Kf8 43. Kf2 Nd4 44. Ng5 f6 45. Ne6+ Nxe6 46. Bxe6 Kg7 47. Kf3 Kh6 48. Ke4 g5 49. Kf5 Kg7 50. Bd5 gxh4 51. gxh4 Kh7 52. Kxf6 Kh6 53. f5 Kh7 54. Ke7 Kg7 55. f6+ Kh8 56. f7 Kh7 57. Be4+ Kh6 58. f8Q# 1-0

[Event "Basingstoke 4NCL Spring Bank op-A 1st"]
[Site "Basingstoke"]
[Date "2018.05.28"]
[Round "7"]
[White "Moore, Gerald C"]
[Black "Niedbal, Piotr"]
[Result "1-0"]
[WhiteElo "2064"]
[BlackElo "1907"]
[PlyCount "63"]
[EventDate "2018.05.25"]
[EventType "swiss"]
[EventRounds "7"]
[EventCountry "ENG"]
[SourceTitle "CBM 184 Extra"]
[Source "ChessBase"]
[SourceDate "2018.06.28"]
[SourceVersion "1"]
[SourceVersionDate "2018.06.28"]
[SourceQuality "1"]

1. Nf3 Nf6 2. c4 g6 3. Nc3 Bg7 4. e4 d6 5. d4 0-0 6. Be2 e5 7. d5 Na6 8. 0-0 Ne8 9. Rb1 f5 10. b4 f4 11. Ba3 g5 12. Nd2 Qf6 13. c5 Qh6 14. Bg4 Qh4 15. h3 Nf6 16. Bxc8 Raxc8 17. Nf3 Qh5 18. Nh2 Qg6 19. f3 h5 20. Qe2 Nb8 21. Rbc1 a6 22. b5 dxc5 23. Bxc5 Rfe8 24. Rfd1 axb5 25. Nxb5 Na6 26. Ba3 Bf8 27. Bxf8 Rxf8 28. d6 cxd6 29. Nxd6 Rxc1 30. Rxc1 g4 31. Nf5 gxh3 32. Ne7+ 1-0

[Event "Basingstoke 4NCL Spring Bank op-A 1st"]
[Site "Basingstoke"]
[Date "2018.05.27"]
[Round "5"]
[White "Bates, Richard"]
[Black "Moore, Gerald C"]
[Result "1-0"]
[WhiteElo "2371"]
[BlackElo "2064"]
[PlyCount "91"]
[EventDate "2018.05.25"]
[EventType "swiss"]
[EventRounds "7"]
[EventCountry "ENG"]
[SourceTitle "CBM 184 Extra"]
[Source "ChessBase"]
[SourceDate "2018.06.28"]
[SourceVersion "1"]
[SourceVersionDate "2018.06.28"]
[SourceQuality "1"]

1. d4 g6 2. Nf3 Bg7 3. g3 Nf6 4. c4 0-0 5. Bg2 d6 6. 0-0 Nc6 7. Nc3 Bg4 8. d5 Na5 9. Nd2 c5 10. h3 Bd7 11. Qc2 e5 12. dxe6 Bxe6 13. b3 Nc6 14. Bb2 Qd7 15. Kh2 d5 16. Nxd5 Nxd5 17. Bxg7 Kxg7 18. cxd5 Bxd5 19. e4 Be6 20. f4 f6 21. Nf3 Qe7 22. e5 f5 23. Rfd1 Rad8 24. Qc3 Kg8 25. Ng5 Nd4 26. Nxe6 Nxe6 27. Bd5 b6 28. Qc4 Rde8 29. Bxe6+ Qxe6 30. Rd6 Qxc4 31. bxc4 Rd8 32. Rad1 Rxd6 33. Rxd6 Rf7 34. Kg2 Rb7 35. g4 Kf7 36. Kg3 fxg4 37. hxg4 a6 38. f5 b5 39. Rc6 bxc4 40. Rxc5 Rb5 41. Rc7+ Kf8 42. Kf4 g5+ 43. Ke4 c3 44. Rxc3 Rb4+ 45. Kd5 Rxg4 46. Ke6 1-0

[Event "Basingstoke 4NCL Spring Bank op-A 1st"]
[Site "Basingstoke"]
[Date "2018.05.27"]
[Round "4"]
[White "Sowray, Peter John"]
[Black "Moore, Gerald C"]
[Result "1-0"]
[WhiteElo "2365"]
[BlackElo "2064"]
[PlyCount "55"]
[EventDate "2018.05.25"]
[EventType "swiss"]
[EventRounds "7"]
[EventCountry "ENG"]
[SourceTitle "CBM 184 Extra"]
[Source "ChessBase"]
[SourceDate "2018.06.28"]
[SourceVersion "1"]
[SourceVersionDate "2018.06.28"]
[SourceQuality "1"]

1. e4 g6 2. d4 Bg7 3. Nc3 d6 4. f4 Nf6 5. Nf3 0-0 6. e5 dxe5 7. fxe5 Nd5 8. Bc4 Be6 9. Nxd5 Bxd5 10. Bxd5 Qxd5 11. Qe2 c5 12. c4 Qd7 13. d5 e6 14. d6 f6 15. exf6 Bxf6 16. Bh6 Rf7 17. 0-0-0 Nc6 18. Rhe1 Re8 19. Rd5 b6 20. Qe4 e5 21. a3 Re6 22. Red1 Nd4 23. Nxe5 Qa4 24. d7 Bd8 25. R5xd4 cxd4 26. Qa8 Rxd7 27. Rf1 Re8 28. Qf3 1-0

[Event "Basingstoke 4NCL Spring Bank op-A 1st"]
[Site "Basingstoke"]
[Date "2018.05.26"]
[Round "3"]
[White "Moore, Gerald C"]
[Black "Howell, Oliver W"]
[Result "1-0"]
[WhiteElo "2064"]
[BlackElo "1831"]
[PlyCount "57"]
[EventDate "2018.05.25"]
[EventType "swiss"]
[EventRounds "7"]
[EventCountry "ENG"]
[SourceTitle "CBM 184 Extra"]
[Source "ChessBase"]
[SourceDate "2018.06.28"]
[SourceVersion "1"]
[SourceVersionDate "2018.06.28"]
[SourceQuality "1"]

1. Nf3 Nf6 2. c4 c5 3. Nc3 g6 4. e4 d6 5. d4 cxd4 6. Nxd4 Bg7 7. Be2 0-0 8. 0-0 Nc6 9. Be3 a6 10. f3 Qc7 11. Rc1 Bd7 12. Qd2 Nxd4 13. Bxd4 Rfc8 14. b4 Qd8 15. Rfd1 Be6 16. Na4 Nd7 17. Bxg7 Kxg7 18. c5 b5 19. cxb6 Rcb8 20. f4 Nxb6 21. Nc5 Kg8 22. Nxe6 fxe6 23. Bg4 Kf7 24. f5 exf5 25. exf5 Ra7 26. Rf1 Qg8 27. fxg6+ Ke8 28. gxh7 Qxh7 29. Qd4 1-0

[Event "Basingstoke 4NCL Spring Bank op-A 1st"]
[Site "Basingstoke"]
[Date "2018.05.25"]
[Round "1"]
[White "Moore, Gerald C"]
[Black "Jukes, Sam"]
[Result "1-0"]
[WhiteElo "2064"]
[BlackElo "1797"]
[PlyCount "41"]
[EventDate "2018.05.25"]
[EventType "swiss"]
[EventRounds "7"]
[EventCountry "ENG"]
[SourceTitle "CBM 184 Extra"]
[Source "ChessBase"]
[SourceDate "2018.06.28"]
[SourceVersion "1"]
[SourceVersionDate "2018.06.28"]
[SourceQuality "1"]

1. Nf3 d5 2. c4 d4 3. g3 Nc6 4. Bg2 Nf6 5. d3 e5 6. 0-0 Be7 7. b4 Bxb4 8. Nxe5 Nxe5 9. Qa4+ c6 10. Qxb4 Ned7 11. Nd2 c5 12. Qa3 0-0 13. Nb3 Qe7 14. Nxd4 Qe5 15. Nb5 a6 16. Bf4 axb5 17. Qxa8 Qxe2 18. cxb5 Re8 19. Qa5 Ne5 20. Bxe5 b6 21. Qc3 1-0

[Event "Coventry 4NCL op-A 16th"]
[Site "Coventry"]
[Date "2017.11.05"]
[Round "5"]
[White "Moore, Gerald C"]
[Black "Mason, Donald"]
[Result "0-1"]
[WhiteElo "2071"]
[BlackElo "2125"]
[PlyCount "44"]
[EventDate "2017.11.03"]
[EventType "swiss"]
[EventRounds "5"]
[EventCountry "ENG"]
[SourceTitle "CBM 181 Extra"]
[Source "ChessBase"]
[SourceDate "2017.12.12"]
[SourceVersion "1"]
[SourceVersionDate "2017.12.12"]
[SourceQuality "1"]

1. Nf3 g6 2. d4 Bg7 3. c4 d6 4. Nc3 Nd7 5. e4 e5 6. Be2 Ne7 7. 0-0 h6 8. Re1 0-0 9. Bf1 Kh7 10. Rb1 f5 11. dxe5 Nxe5 12. Nxe5 Bxe5 13. Qd2 f4 14. Ne2 g5 15. f3 Ng6 16. Kh1 Qf6 17. b3 g4 18. Bb2 gxf3 19. gxf3 Nh4 20. Bxe5 dxe5 21. Ng1 Rg8 22. Qf2 Be6 0-1

[Event "Coventry 4NCL op-A 16th"]
[Site "Coventry"]
[Date "2017.11.04"]
[Round "3"]
[White "Moore, Gerald C"]
[Black "Hynes, Anthony"]
[Result "1/2-1/2"]
[WhiteElo "2071"]
[BlackElo "2150"]
[PlyCount "59"]
[EventDate "2017.11.03"]
[EventType "swiss"]
[EventRounds "5"]
[EventCountry "ENG"]
[SourceTitle "CBM 181 Extra"]
[Source "ChessBase"]
[SourceDate "2017.12.12"]
[SourceVersion "1"]
[SourceVersionDate "2017.12.12"]
[SourceQuality "1"]

1. Nf3 Nf6 2. c4 g6 3. Nc3 Bg7 4. e4 d6 5. d4 0-0 6. Be2 e5 7. d5 a5 8. Bg5 h6 9. Bh4 Na6 10. Nd2 Qe8 11. 0-0 Nh7 12. a3 Bd7 13. Kh1 a4 14. Nb5 h5 15. f3 Bh6 16. Qc2 b6 17. Rae1 f5 18. exf5 gxf5 19. Bd3 Qf7 20. b4 axb3 21. Nxb3 Bxb5 22. cxb5 Nc5 23. Nxc5 bxc5 24. a4 Kh8 25. Bc4 Qg6 26. Bd3 Rf7 27. Ra1 Bg7 28. Rae1 Bh6 29. Ra1 Bg7 30. Rae1 1/2-1/2

[Event "Coventry 4NCL op-A 16th"]
[Site "Coventry"]
[Date "2017.11.04"]
[Round "2"]
[White "Ther, Mate T"]
[Black "Moore, Gerald C"]
[Result "1/2-1/2"]
[WhiteElo "1549"]
[BlackElo "2071"]
[PlyCount "57"]
[EventDate "2017.11.03"]
[EventType "swiss"]
[EventRounds "5"]
[EventCountry "ENG"]
[SourceTitle "CBM 181 Extra"]
[Source "ChessBase"]
[SourceDate "2017.12.12"]
[SourceVersion "1"]
[SourceVersionDate "2017.12.12"]
[SourceQuality "1"]

1. e4 c5 2. c4 Nc6 3. Ne2 Nf6 4. Nbc3 e6 5. d4 cxd4 6. Nxd4 Bb4 7. Nxc6 bxc6 8. e5 Ne4 9. Qg4 Nxc3 10. a3 Bf8 11. bxc3 Qa5 12. Qg3 g6 13. Bd2 Bg7 14. f4 0-0 15. Be2 f6 16. exf6 Bxf6 17. 0-0 Ba6 18. Kh1 Rab8 19. Rf3 d5 20. f5 exf5 21. Rxf5 Bg7 22. Rxf8+ Rxf8 23. Qe3 Bxc4 24. Bxc4 dxc4 25. Qe6+ Kh8 26. Qxc4 Qd5 27. Qxd5 cxd5 28. Kg1 Rc8 29. Rb1 1/2-1/2

[Event "Coventry 4NCL op-A 16th"]
[Site "Coventry"]
[Date "2017.11.03"]
[Round "1"]
[White "Moore, Gerald C"]
[Black "Roberson, Peter T"]
[Result "1/2-1/2"]
[WhiteElo "2071"]
[BlackElo "2403"]
[PlyCount "80"]
[EventDate "2017.11.03"]
[EventType "swiss"]
[EventRounds "5"]
[EventCountry "ENG"]
[SourceTitle "CBM 181 Extra"]
[Source "ChessBase"]
[SourceDate "2017.12.12"]
[SourceVersion "1"]
[SourceVersionDate "2017.12.12"]
[SourceQuality "1"]

1. Nf3 d5 2. c4 e6 3. g3 d4 4. Bg2 c5 5. b4 cxb4 6. a3 Nc6 7. axb4 Bxb4 8. Bb2 Nge7 9. 0-0 0-0 10. e3 e5 11. Qa4 a5 12. Qb5 f6 13. exd4 e4 14. Ne1 Nf5 15. Bxe4 Nfxd4 16. Qh5 f5 17. Bd5+ Be6 18. Nc3 g6 19. Qd1 Re8 20. Bxe6+ Rxe6 21. Nd5 Bf8 22. Nf3 Bg7 23. Rb1 Rb8 24. Nxd4 Nxd4 25. Bxd4 Bxd4 26. Rb5 b6 27. Qb3 Kh8 28. Qd3 Re4 29. Rfb1 a4 30. Kg2 Bc5 31. Qc3+ Bd4 32. Qd3 Bc5 33. Qc3+ Rd4 34. Nb4 Bxb4 35. R1xb4 Kg8 36. Rxa4 Rxd2 37. Ra7 Rd7 38. Rd5 Rxa7 39. Rxd8+ Rxd8 40. Qf6 Rad7 1/2-1/2

[Event "Doncaster 4NCL op-A 15th"]
[Site "Doncaster"]
[Date "2017.09.10"]
[Round "4"]
[White "Moore, Gerald C"]
[Black "Surtees, Michael"]
[Result "0-1"]
[WhiteElo "2062"]
[BlackElo "2115"]
[PlyCount "114"]
[EventDate "2017.09.08"]
[EventType "swiss"]
[EventRounds "5"]
[EventCountry "ENG"]
[SourceTitle "CBM 180 Extra"]
[Source "ChessBase"]
[SourceDate "2017.10.06"]
[SourceVersion "1"]
[SourceVersionDate "2017.10.06"]
[SourceQuality "1"]

1. Nf3 e6 2. c4 g5 3. Nc3 Bg7 4. d3 g4 5. Nd2 d5 6. g3 d4 7. Nb5 Bd7 8. Bg2 Bc6 9. 0-0 f5 10. Nb3 Bxg2 11. Kxg2 a6 12. Na3 Qd6 13. Nc2 Nc6 14. Nd2 a5 15. a3 Nge7 16. Rb1 a4 17. b4 axb3 18. Rxb3 b6 19. Kg1 h5 20. a4 e5 21. e3 Na5 22. Ra3 c5 23. Qe2 Kd7 24. exd4 exd4 25. Re1 Rae8 26. Qf1 Nac6 27. Rb3 Nc8 28. Rxe8 Rxe8 29. Rb1 Bh6 30. Nb3 Bxc1 31. Rxc1 Ne5 32. Nd2 Qh6 33. Rd1 Nd6 34. Ne1 f4 35. Ng2 fxg3 36. hxg3 Ng6 37. f3 Qg5 38. f4 Qf5 39. Re1 Rxe1 40. Nxe1 Qe6 41. Qf2 Ne7 42. Nf1 Nef5 43. Ng2 Kc7 44. Qe1 Qxe1 45. Nxe1 Kb7 46. Nc2 Ka6 47. Na3 Ka5 48. Nb5 Kxa4 49. Nxd6 Nxd6 50. Kf2 Kb3 51. Nd2+ Kc2 52. Ke2 Nf5 53. Ne4 h4 54. gxh4 g3 55. Ng5 g2 56. Kf2 Nxh4 57. Nh3 Kxd3 0-1

[Event "Doncaster 4NCL op-A 15th"]
[Site "Doncaster"]
[Date "2017.09.08"]
[Round "1"]
[White "Moore, Gerald C"]
[Black "Simpson, Derek"]
[Result "1-0"]
[WhiteElo "2062"]
[BlackElo "1650"]
[PlyCount "41"]
[EventDate "2017.09.08"]
[EventType "swiss"]
[EventRounds "5"]
[EventCountry "ENG"]
[SourceTitle "CBM 180 Extra"]
[Source "ChessBase"]
[SourceDate "2017.10.06"]
[SourceVersion "1"]
[SourceVersionDate "2017.10.06"]
[SourceQuality "1"]

1. Nf3 d5 2. c4 e6 3. g3 b6 4. Bg2 Bb7 5. cxd5 Bxd5 6. Nc3 c5 7. Nxd5 exd5 8. d4 cxd4 9. 0-0 Bc5 10. Nxd4 Nd7 11. Bxd5 Rc8 12. Bf4 Bxd4 13. Qxd4 Ngf6 14. Bd6 Nxd5 15. Qxd5 Qf6 16. Rac1 Nc5 17. b4 Rd8 18. bxc5 bxc5 19. Qc6+ Rd7 20. Rfd1 Qd8 21. Qe4+ 1-0

[Event "Wakefield 4NCL op 10th"]
[Site "Wakefield"]
[Date "2016.09.11"]
[Round "4"]
[White "Burke, Mitchell R"]
[Black "Moore, Gerald C"]
[Result "1/2-1/2"]
[WhiteElo "1967"]
[BlackElo "2067"]
[PlyCount "33"]
[EventDate "2016.09.09"]
[EventType "swiss"]
[EventRounds "5"]
[EventCountry "ENG"]
[SourceTitle "CBM 174 Extra"]
[Source "ChessBase"]
[SourceDate "2016.10.10"]
[SourceVersion "1"]
[SourceVersionDate "2016.10.10"]
[SourceQuality "1"]

1. e4 c5 2. Nf3 e6 3. g3 d5 4. exd5 exd5 5. d4 Nc6 6. Bg2 Nf6 7. 0-0 Be7 8. c3 0-0 9. dxc5 Bxc5 10. Nbd2 Bf5 11. Nb3 Bb6 12. Bg5 Be4 13. Qd2 h6 14. Be3 Re8 15. Bxb6 Qxb6 16. Rfe1 Rad8 17. Rad1 1/2-1/2